[Event "AUTO-ADV-2856"]
[Site "http://www.queenalice.com/game.php?id=1183376"]
[Date "2013.5.21"]
[Round "1"]
[White "agilulfo"]
[Black "Howl"]
[Result "1-0"]
[WhiteElo "1834"]
[BlackElo "1874"]

1. d4 d5 2. c4 c6 3. Nc3 e6 4. Nf3 h6 5. Bf4 Nd7 6. h3 Be7 7. e3 Ngf6 8. Rc1 O-O
9. cxd5 exd5 10. Bd3 a6 11. O-O Re8 12. Re1 b5 13. e4 dxe4 14. Nxe4 Bb7 15. Nc5
Nxc5 16. dxc5 Bf8 17. Rxe8 Qxe8 18. Nd4 Rd8 19. Be3 Rd5 20. Nb3 1-0

[Event "AUTO-ADV-2856"]
[Site "http://www.queenalice.com/game.php?id=1183392"]
[Date "2013.5.21"]
[Round "1"]
[White "Howl"]
[Black "ThiagoTanaka"]
[Result "0-1"]
[WhiteElo "1777"]
[BlackElo "1947"]

1. d4 c6 2. e4 d5 3. Nc3 dxe4 4. Nxe4 Bf5 5. Ng3 Bg6 6. Nf3 h6 7. Be2 Nf6 8. O-O
e6 9. h3 Bd6 10. Ne5 Bh7 11. b3 O-O 12. Bb2 Nbd7 13. Re1 Qc7 14. Bf3 Bxe5 15.
dxe5 Nd5 16. c4 Ne7 17. Qd2 Rad8 18. Qe3 b6 19. Rad1 Nc5 20. Bd4 Nb7 21. Bb2 Nf5
22. Nxf5 Bxf5 23. g4 Bh7 0-1

[Event "AUTO-ADV-2856"]
[Site "http://www.queenalice.com/game.php?id=1183393"]
[Date "2013.5.21"]
[Round "1"]
[White "ThiagoTanaka"]
[Black "Howl"]
[Result "0-1"]
[WhiteElo "1867"]
[BlackElo "1929"]

1. d4 d5 2. c4 c6 3. c5 b6 4. cxb6 axb6 5. Nf3 e6 6. e3 Be7 7. Bd3 h6 8. O-O Nf6
9. Nc3 O-O 10. b3 b5 11. Ne5 Nfd7 12. Nxd7 Bxd7 13. Bb2 Bd6 14. Qf3 e5 15. dxe5
Bxe5 16. Rac1 b4 17. Na4 Bxb2 18. Nxb2 Rxa2 19. Na4 Ra3 20. Nc5 Qe7 21. Ra1 Qxc5
0-1

[Event "AUTO-ADV-2856"]
[Site "http://www.queenalice.com/game.php?id=1183394"]
[Date "2013.5.21"]
[Round "1"]
[White "Howl"]
[Black "markim03"]
[Result "0-1"]
[WhiteElo "1777"]
[BlackElo "1714"]

1. d4 d5 2. Nf3 e6 3. e3 Nf6 4. Be2 Be7 5. h3 O-O 6. O-O c5 7. c4 Nbd7 8. Nc3
dxc4 9. Bxc4 cxd4 10. exd4 a6 11. b3 b5 12. Be2 Bb7 13. Bb2 b4 14. Na4 a5 15.
Rc1 Rc8 16. Bb5 Rxc1 0-1

[Event "AUTO-ADV-2856"]
[Site "http://www.queenalice.com/game.php?id=1183395"]
[Date "2013.5.21"]
[Round "1"]
[White "markim03"]
[Black "Howl"]
[Result "1-0"]
[WhiteElo "1714"]
[BlackElo "1777"]

1. d4 d5 2. c4 c6 3. Nf3 h6 4. Nc3 Nf6 5. cxd5 Nxd5 6. e4 Nxc3 7. bxc3 e6 8. Be2
Nd7 9. O-O Be7 10. d5 cxd5 11. exd5 exd5 12. Qxd5 O-O 13. Bb2 Nb6 14. Qxd8 Rxd8
15. Rad1 Bf5 16. Nd4 1-0

[Event "AUTO-OPEN-2996"]
[Site "http://www.queenalice.com/game.php?id=1183721"]
[Date "2013.5.22"]
[Round "1"]
[White "Degoba"]
[Black "Howl"]
[Result "1-0"]
[WhiteElo "2101"]
[BlackElo "1854"]

1. e4 c5 2. Nf3 e6 3. a3 Nc6 4. d4 cxd4 5. Nxd4 Be7 6. Nc3 a6 7. Be3 h6 8. Be2
Nf6 9. O-O O-O 10. Qd2 e5 11. Nf5 d6 12. Nxe7+ Nxe7 13. Rfd1 Be6 14. Qxd6 Qxd6
15. Rxd6 Rad8 16. Rad1 Nc6 17. Rxd8 Rxd8 18. Rxd8+ 1-0

[Event "AUTO-OPEN-2996"]
[Site "http://www.queenalice.com/game.php?id=1183722"]
[Date "2013.5.22"]
[Round "1"]
[White "Howl"]
[Black "Degoba"]
[Result "0-1"]
[WhiteElo "1848"]
[BlackElo "2106"]

1. d4 Nf6 2. Nf3 g6 3. e3 d5 4. Bd2 Bg7 5. Be2 O-O 6. h3 Re8 7. O-O Nbd7 8. Nc3
e5 9. dxe5 Nxe5 10. Be1 c6 11. a3 Nxf3+ 12. Bxf3 Bf5 13. Ne2 Nd7 14. c3 Nc5 15.
Nd4 Bd3 16. Be2 Bxe2 17. Qxe2 Qg5 0-1

[Event "AUTO-OPEN-2996"]
[Site "http://www.queenalice.com/game.php?id=1183733"]
[Date "2013.5.22"]
[Round "1"]
[White "Howl"]
[Black "Aspayne"]
[Result "0-1"]
[WhiteElo "1897"]
[BlackElo "1995"]

1. d4 Nf6 2. Nf3 e6 3. e3 b6 4. h3 Bb7 5. Be2 Be7 6. O-O O-O 7. c4 c5 8. Nc3 d5
9. a3 Nc6 10. Nd2 cxd4 11. exd4 Nxd4 12. cxd5 Nxe2+ 13. Qxe2 Nxd5 14. Nde4 Nxc3
15. Nxc3 Qc8 16. Bf4 Ba6 17. Nb5 Qc6 18. a4 Bf6 19. Rac1 Qb7 20. Be5 Bxe5 21.
Qxe5 Rac8 22. Rfd1 Bxb5 0-1

[Event "AUTO-OPEN-2996"]
[Site "http://www.queenalice.com/game.php?id=1183734"]
[Date "2013.5.22"]
[Round "1"]
[White "Aspayne"]
[Black "Howl"]
[Result "1-0"]
[WhiteElo "2007"]
[BlackElo "1885"]

1. e4 c5 2. Nc3 e5 3. Nf3 Nc6 4. g3 d6 5. Bg2 a6 6. a4 h6 7. d3 Be7 8. O-O Nf6
9. h3 Be6 10. Be3 d5 11. Nxd5 Bxd5 12. exd5 Nxd5 13. Bd2 O-O 14. c3 Bf6 15. Qb3
Na5 16. Qa2 Rc8 17. Rad1 Ne7 18. b4 cxb4 19. cxb4 Nac6 20. b5 Nd4 21. Nxd4 exd4
22. Bxb7 1-0

[Event "AUTO-ADV-2799"]
[Site "http://www.queenalice.com/game.php?id=1188040"]
[Date "2013.6.5"]
[Round "2"]
[White "Howl"]
[Black "NatanEstivallet"]
[Result "0-1"]
[WhiteElo "1807"]
[BlackElo "1896"]

1. d4 Nf6 2. Nf3 g6 3. e3 d5 4. Be2 Bg7 5. O-O O-O 6. h3 Bf5 7. c4 c5 8. Nc3
cxd4 9. exd4 Nc6 10. Be3 dxc4 11. Bxc4 a6 12. a3 b5 13. Ba2 Rc8 14. Rc1 Ne4 15.
Nxe4 Bxe4 16. Ng5 Bd5 0-1

[Event "AUTO-ADV-2799"]
[Site "http://www.queenalice.com/game.php?id=1188041"]
[Date "2013.6.5"]
[Round "2"]
[White "NatanEstivallet"]
[Black "Howl"]
[Result "1-0"]
[WhiteElo "1882"]
[BlackElo "1821"]

1. e4 c5 2. Nf3 d6 3. d4 cxd4 4. Qxd4 Nc6 5. Bb5 a6 6. Bxc6+ bxc6 7. c4 e5 8.
Qd3 Be7 9. Nc3 h6 10. O-O Nf6 11. b3 O-O 12. Ba3 Qc7 13. Rad1 Rd8 14. Qe2 Bb7
15. Bc1 a5 16. Na4 Ba6 17. Rd2 1-0

[Event "AUTO-ADV-2811"]
[Site "http://www.queenalice.com/game.php?id=1193326"]
[Date "2013.6.22"]
[Round "2"]
[White "sevenup"]
[Black "Howl"]
[Result "1-0"]
[WhiteElo "2116"]
[BlackElo "1795"]

1. e4 c5 2. f4 d6 3. Nf3 Nc6 4. Bc4 h6 5. O-O a6 6. d4 cxd4 7. Nxd4 Nf6 8. Nc3
e5 9. Nf5 Bxf5 10. exf5 Qd7 11. Be3 d5 12. Nxd5 1-0

[Event "AUTO-ADV-2811"]
[Site "http://www.queenalice.com/game.php?id=1193327"]
[Date "2013.6.22"]
[Round "2"]
[White "Howl"]
[Black "sevenup"]
[Result "0-1"]
[WhiteElo "1792"]
[BlackElo "2118"]

1. d4 e6 2. Nf3 f5 3. e3 Nf6 4. c4 c6 5. h3 d5 6. a3 Bd6 7. Be2 O-O 8. O-O Nbd7
9. Nc3 Ne4 10. Nd2 Ndf6 11. Bf3 e5 0-1

[Event "AUTO-ADV-2811"]
[Site "http://www.queenalice.com/game.php?id=1193328"]
[Date "2013.6.22"]
[Round "2"]
[White "Tonto"]
[Black "Howl"]
[Result "1-0"]
[WhiteElo "1986"]
[BlackElo "1831"]

1. Nf3 d5 2. d4 Nc6 3. h3 h6 4. Nc3 e6 5. a3 a6 6. e4 dxe4 7. Nxe4 Nf6 8. Bd3
Be7 9. Be3 O-O 10. Ne5 Nxd4 11. c3 Nf5 12. Bf4 Nd5 13. Qf3 Nxf4 14. Qxf4 Bd7 15.
Ng4 1-0

[Event "AUTO-ADV-2811"]
[Site "http://www.queenalice.com/game.php?id=1193329"]
[Date "2013.6.22"]
[Round "2"]
[White "Howl"]
[Black "Tonto"]
[Result "0-1"]
[WhiteElo "1842"]
[BlackElo "1975"]

1. d4 d5 2. Nf3 h6 3. e3 a6 4. Be2 Nc6 5. O-O Bf5 6. a3 e6 7. Nbd2 Nf6 8. h3 Bd6
9. Re1 Qe7 10. c4 b6 11. b4 dxc4 12. Bxc4 e5 13. e4 Be6 0-1